000 00566nam a2200229 a 4500
001 nice12345678
003 IN_TiNIC
005 20260116015002.0
008 070914s2001 onta grp 000 0 eng
020 _a083619148X
_c100
082 0 0 _a254.5
_bMUR
100 _aMurray, Stuart
245 _aChurch Planing
_b Laying Foundations
260 _aOntario
_bHerald Press
_c2001
300 _a288p
500 _aincludes index and biblioraphy
650 _aChurch-Growth
700 1 _aMurray, Stuart
902 _bSRS
942 _cBK
999 _c17843
_d17843